| 000 | 00402nam a22001697a 4500 | ||
|---|---|---|---|
| 005 | 20160627150946.0 | ||
| 008 | 160627b xxu||||| |||| 00| 0 eng d | ||
| 020 | _a817866-892-0 | ||
| 041 | _aeng | ||
| 082 | _b10651 | ||
| 100 |
_aMamoria, Mamoria and Gankar _92191 |
||
| 245 | _aDynamics of Industrial Relations | ||
| 260 |
_bHPH _c2004 |
||
| 300 | _a882 | ||
| 650 |
_aManagement _9241 |
||
| 942 | _cBK | ||
| 999 |
_c4279 _d4278 |
||